[Event "US Haring Girls op 120th"]
[Site "Orlando"]
[Date "2019.08.05"]
[Round "5"]
[White "Herman, Sara"]
[Black "Li, Marissa"]
[Result "1-0"]
[WhiteElo "1793"]
[BlackElo "2009"]
[PlyCount "93"]
[EventDate "2019.08.03"]
[EventType "swiss"]
[EventRounds "6"]
[EventCountry "USA"]
[SourceTitle "EXT 2020"]
[Source "ChessBase"]
[SourceDate "2019.10.17"]
[SourceVersion "1"]
[SourceVersionDate "2019.10.17"]
[SourceQuality "1"]

1. e4 c5 2. Nf3 e6 3. c3 Nf6 4. e5 Nd5 5. g3 d6 6. exd6 Bxd6 7. Bg2 0-0 8. 0-0 Nc6 9. d4 cxd4 10. Nxd4 Nce7 11. Qe2 a6 12. c4 Nb4 13. Rd1 Qc7 14. Nc3 Nec6 15. Ndb5 axb5 16. Nxb5 Qe7 17. Rxd6 Rxa2 18. Rxa2 Nxa2 19. Be3 Nab4 20. Qd2 Qf6 21. Nd4 h6 22. Nxc6 Nxc6 23. Bb6 Qf5 24. Bxc6 bxc6 25. Rd8 Qf6 26. Rxf8+ Kxf8 27. Qd6+ Qe7 28. Qxc6 Qd7 29. Qxd7 Bxd7 30. b4 Ke7 31. Bc5+ Kf6 32. Kf1 Kf5 33. Ke1 g5 34. b5 h5 35. Kd2 e5 36. Kc3 h4 37. Kb4 hxg3 38. hxg3 Ke6 39. Ka5 Bc8 40. Kb6 Kd7 41. Bf8 f5 42. Bh6 g4 43. c5 Kd8 44. c6 Be6 45. Kb7 Bc8+ 46. Kb8 f4 47. Bg5+ 1-0

[Event "Wch U16 Girls"]
[Site "Montevideo"]
[Date "2017.09.23"]
[Round "8"]
[White "Ferkova, Dominika"]
[Black "Li, Marissa"]
[Result "1/2-1/2"]
[WhiteElo "2035"]
[BlackElo "1810"]
[PlyCount "68"]
[EventDate "2017.09.17"]
[EventType "swiss"]
[EventRounds "11"]
[EventCountry "URU"]
[SourceTitle "CBM 180 Extra"]
[Source "ChessBase"]
[SourceDate "2017.10.06"]
[SourceVersion "1"]
[SourceVersionDate "2017.10.06"]
[SourceQuality "1"]

1. d4 Nf6 2. c4 g6 3. Nc3 d5 4. Nf3 Bg7 5. e3 0-0 6. Bd3 c5 7. 0-0 Nc6 8. cxd5 cxd4 9. dxc6 dxc3 10. bxc3 Qc7 11. Ba3 Rd8 12. Qc2 e5 13. Bc4 bxc6 14. Rad1 Bf5 15. Qb3 Be4 16. Nd2 Bd5 17. Qc2 e4 18. Be2 Qe5 19. c4 Be6 20. Bb2 Qf5 21. Bxf6 Qxf6 22. Nxe4 Qe5 23. Nd2 Rab8 24. Nb3 a5 25. Bf3 Rxd1 26. Rxd1 Rb4 27. Qd2 Bxc4 28. Qd8+ Bf8 29. Nxa5 Ra4 30. Nxc6 Qc5 31. Nb8 Qe7 32. Qxe7 Bxe7 33. Nc6 Bf6 34. g3 Rxa2 1/2-1/2

[Event "Wch U16 Girls"]
[Site "Montevideo"]
[Date "2017.09.17"]
[Round "1"]
[White "Li, Marissa"]
[Black "Radeva, Viktoria"]
[Result "0-1"]
[WhiteElo "1810"]
[BlackElo "2200"]
[PlyCount "82"]
[EventDate "2017.09.17"]
[EventType "swiss"]
[EventRounds "11"]
[EventCountry "URU"]
[SourceTitle "CBM 180 Extra"]
[Source "ChessBase"]
[SourceDate "2017.10.06"]
[SourceVersion "1"]
[SourceVersionDate "2017.10.06"]
[SourceQuality "1"]

1. d4 d5 2. c4 e6 3. Nc3 c6 4. e4 dxe4 5. Nxe4 Bb4+ 6. Bd2 Qxd4 7. Bxb4 Qxe4+ 8. Be2 c5 9. Bxc5 Qxg2 10. Qd6 Nd7 11. Bf3 Qg5 12. Be3 Qa5+ 13. Kf1 Ne7 14. Ne2 Nf5 15. Qf4 Nxe3+ 16. Qxe3 0-0 17. Rd1 Qe5 18. Qd2 Qf6 19. Bg2 Ne5 20. b3 Nc6 21. Bxc6 bxc6 22. Rg1 e5 23. Qg5 Qxg5 24. Rxg5 f6 25. Rg3 Bf5 26. Rf3 Bg6 27. Ng3 Rad8 28. Rxd8 Rxd8 29. Ke1 Kf7 30. Rc3 Ke6 31. Nf1 f5 32. c5 Rd4 33. a3 e4 34. Ne3 Bh5 35. Rc1 Rd3 36. Rb1 f4 37. Nf1 Kd5 38. b4 Rxa3 39. Nd2 Ra2 40. Nb3 e3 41. fxe3 fxe3 0-1